Memórias para servir à história até o ano de 1817: (Registro n. 564)

Detalhes MARC
000 -LÍDER
campo de controle de tamanho fixo 00932nam a22001937a 4500
003 - IDENTIFICADOR DO NÚMERO DE CONTROLE
campo de controle BR-ViAPE
005 - DATA E HORÁRIO DA ÚLTIMA TRANSAÇÃO
campo de controle 20260423121739.0
008 - CAMPO DE DADOS FIXOS--INFORMAÇÃO GERAL
campo de controle de tamanho fixo 260423m18171840por gs|||| 000 0 por d
040 ## - FONTE DA CATALOGAÇÃO
Instituição que transcreveu o registro BR-ViAPE
100 ## - ENTRADA PRINCIPAL--NOME PESSOAL
Nome pessoal Rubim, Francisco Alberto
245 ## - TÍTULO
Título Memórias para servir à história até o ano de 1817:
Restante do título e breve notícia estatística da Capitania do Espírito Santo, porção integrante do reino do Brasil: escritas em 1818 e publicadas em 1840
260 ## - PUBLICAÇÃO, DISTRIBUIÇÃO, ETC.
Local de publicação, distribuição, etc. Lisboa
Nome do editor, distribuidor, etc. Imprensa Nevesiana
Data da publicação, distribuição, etc. 1840
300 ## - DESCRIÇÃO FÍSICA
Extensão 32 p.
Outros detalhes físicos Documento digitalizado (PDF)
500 ## - NOTA GERAL
Nota geral Documento digitalizado do acervo institucional do Arquivo Público do Estado do Espírito Santo - APEES.
650 ## - ASSUNTO--TERMO TÓPICO
Cabeçalho tópico ou nome geográfico História
Subdivisão geográfica Espírito Santo
651 ## - ASSUNTO—LOCAIS GEOGRÁFICOS E HISTÓRICOS
Nome geográfico Espírito Santo
Subdivisão geral Estatística
856 ## - LOCALIZAÇÃO ELETRÔNICA E ACESSO
Uniform Resource Identifier <a href="https://ape.es.gov.br/Media/ape/PDF/Livros/Livros_Historicos/Memorias_Alberto_Rubim_1840%20111.pdf">https://ape.es.gov.br/Media/ape/PDF/Livros/Livros_Historicos/Memorias_Alberto_Rubim_1840%20111.pdf</a>
Texto de ligação CLIQUE AQUI PARA ACESSAR O DOCUMENTO
942 ## - ELEMENTOS DE ENTRADA ADICIONADOS (KOHA)
Fonte da classificação ou esquema de arquivamento na estante Dewey Decimal Classification
Tipo de material Koha Obras Raras
Ocultar no OPAC Yes
Exemplares
Status de descarte Fonte da classificação ou esquema de arquivamento na estante Status físico Não pode ser emprestado Biblioteca de origem Biblioteca atual Data de aquisição Total de empréstimos Data de último acesso Preço efetivo de Tipo de material Koha
  Dewey Decimal Classification     Biblioteca do Arquivo Público do Estado do Espírito Santo Biblioteca do Arquivo Público do Estado do Espírito Santo 04/23/2026   04/23/2026 04/23/2026 Obras Raras